000 00620nam a22002177a 4500
003 OSt
005 20150408114216.0
008 140511s2012 maua f 001 0 eng d
020 _a9780077139551
020 _a0077139550
040 _aMa-Un
082 0 4 _221
_a658.15
_bFUC
245 1 0 _aFundamentals of corporate finance /
_cStephen A. Ross ... [et al.].
250 _a1th Middle East edition.
260 _aBoston :
_bMcGraw-Hill,
_c2012
_c[1433].
300 _a766 p. :
_bill. ;
_c26 cm.
500 _aIncludes index.
650 _aCorporations
_xFinance
700 1 _aRoss, Stephen A.
_918163
942 _2ddc
_cBOOK
999 _c34876
_d269376